[Event "FTX Crypto Cup Prelim"]
[Site "chess24.com INT"]
[Date "2021.05.25"]
[Round "11.2"]
[White "Vachier-Lagrave, Maxime"]
[Black "Nepomniachtchi, Ian"]
[Result "1-0"]
[WhiteTitle "GM"]
[BlackTitle "GM"]
[WhiteElo "2760"]
[BlackElo "2792"]
[WhiteFideId "623539"]
[BlackFideId "4168119"]
[EventDate "2021.05.23"]

1. d4 e6 2. Nf3 Nf6 3. c4 d5 4. Nc3 dxc4 5. e4 b5 6. e5 Nd5 7. Nxb5 Nb6 8. a4
Qd7 9. Na3 Bb4+ 10. Bd2 Bxa3 11. Rxa3 a5 12. h4 Nc6 13. h5 h6 14. Rh4 Bb7 15.
Qc1 Nb4 16. Rg4 f5 17. exf6 gxf6 18. Bxc4 Nxc4 19. Qxc4 Ba6 20. Qc5 Nd3+ 21.
Rxd3 Bxd3 22. Bxh6 Qd6 23. Bg7 Qxc5 24. dxc5 Rg8 25. h6 e5 26. Rg3 Bh7 27. Bxf6
Rxg3 28. fxg3 Ra6 29. Bxe5 Rxh6 30. Bxc7 Rh1+ 31. Kd2 Rb1 32. Kc3 Rc1+ 33. Kd4
Rc2 34. Bxa5 Rxb2 35. Bd2 Bf5 36. a5 Bg4 37. Bf4 Rxg2 38. Ne5 Bc8 39. c6 Ra2 40.
Nc4 Be6 41. Nb6 Rxa5 42. c7 Ra6 43. Kc5 Kf7 44. c8=Q Bxc8 45. Nxc8 Kg6 46. Nd6
Kh5 47. Nc4 Kg4 48. Ne5+ Kh3 49. Kd4 Ra3 50. g4 Ra4+ 51. Ke3 Kh4 52. Kf3 Ra8 53.
Ng6+ Kh3 54. Bd6 Ra6 55. Nf4+ Kh2 56. Bc5 Ra5 57. Be3 Rb5 58. Bf2 Rb3+ 59. Ke4
Rb5 60. Nd5 Rb2 61. Bd4 Rg2 62. Be5+ Kh3 63. Nf4+ Kxg4 64. Nxg2 Kh3 65. Ne3 Kh4
66. Bf4 Kh3 67. Kf3 Kh4 68. Bg3+ Kh3 69. Bf2 Kh2 70. Nd1 Kh1 71. Be1 Kh2 72.
Bg3+ Kh1 73. Nf2+ Kg1 74. Bf4 Kf1 75. Bh2 Ke1 76. Ne4 Kf1 77. Nd2+ Ke1 78. Ke3
Kd1 79. Kd3 Ke1 80. Bg3+ Kd1 81. Nc4 Kc1 82. Bf2 Kd1 83. Nb2+ 1-0

[Event "FTX Crypto Cup Prelim"]
[Site "chess24.com INT"]
[Date "2021.05.25"]
[Round "11.3"]
[White "Pichot, Alan"]
[Black "Mamedyarov, Shakhriyar"]
[Result "0-1"]
[WhiteTitle "GM"]
[BlackTitle "GM"]
[WhiteElo "2630"]
[BlackElo "2770"]
[WhiteFideId "110973"]
[BlackFideId "13401319"]
[EventDate "2021.05.23"]

1. e4 c5 2. Nf3 e6 3. d4 cxd4 4. Nxd4 Nf6 5. Nc3 Nc6 6. Nxc6 bxc6 7. e5 Nd5 8.
Ne4 Qc7 9. f4 f5 10. exf6 gxf6 11. Qh5+ Kd8 12. Qf3 Rb8 13. Bd3 Qb6 14. c3 f5
15. Nf2 Rg8 16. O-O c5 17. Bxf5 exf5 18. Qxd5 Qg6 19. Rd1 Rg7 20. g3 Bb7 21. Qe5
Rc8 22. c4 h5 23. Bd2 Re7 24. Ba5+ Ke8 25. Qh8 Kf7 26. Bc3 Bh6 27. Rd6 Qxd6 28.
Qh7+ Ke8 29. Qh8+ Bf8 30. Qxh5+ Kd8 31. Ba5+ Rc7 32. Rd1 Qe6 0-1

[Event "FTX Crypto Cup Prelim"]
[Site "chess24.com INT"]
[Date "2021.05.25"]
[Round "11.4"]
[White "Giri, Anish"]
[Black "Radjabov, Teimour"]
[Result "1-0"]
[WhiteTitle "GM"]
[BlackTitle "GM"]
[WhiteElo "2780"]
[BlackElo "2765"]
[WhiteFideId "24116068"]
[BlackFideId "13400924"]
[EventDate "2021.05.23"]

1. e4 e5 2. Nf3 Nc6 3. Bb5 Nf6 4. O-O Nxe4 5. d4 Nd6 6. Bxc6 dxc6 7. dxe5 Nf5 8.
Qxd8+ Kxd8 9. h3 Bd7 10. Rd1 Kc8 11. g4 Ne7 12. Ng5 Be8 13. f4 c5 14. f5 h6 15.
Nf3 Nc6 16. Kf2 Nb4 17. Na3 Bc6 18. c3 Nd5 19. Nc2 b5 20. Ne3 Nb6 21. b3 Kb7 22.
c4 a6 23. Bb2 Be7 24. Rac1 h5 25. g5 Bxf3 26. Kxf3 Bxg5 27. Rg1 Bh6 28. Rc2 Rhd8
29. Ke4 Rd7 30. cxb5 axb5 31. Rxc5 Rxa2 32. Rc2 Bxe3 33. Kxe3 Nd5+ 34. Ke4 Nb4
35. Rcg2 Nd3 36. Bd4 Rxg2 37. Rxg2 c5 38. Be3 c4 39. bxc4 bxc4 40. Rxg7 Kc6 41.
Rh7 Nxe5 42. Rh6+ 1-0

[Event "FTX Crypto Cup Prelim"]
[Site "chess24.com INT"]
[Date "2021.05.25"]
[Round "12.4"]
[White "Caruana, Fabiano"]
[Black "Grischuk, Alexander"]
[Result "1-0"]
[WhiteTitle "GM"]
[BlackTitle "GM"]
[WhiteElo "2820"]
[BlackElo "2776"]
[WhiteFideId "2020009"]
[BlackFideId "4126025"]
[EventDate "2021.05.23"]

1. d4 Nf6 2. Nf3 d5 3. c4 e6 4. Nc3 c6 5. e3 Nbd7 6. Qc2 Bd6 7. b3 O-O 8. Be2 b6
9. O-O Bb7 10. Bb2 Qe7 11. Rad1 Rad8 12. Rfe1 Rfe8 13. g3 Bb4 14. a3 Bxc3 15.
Qxc3 c5 16. Qc2 cxd4 17. exd4 Rc8 18. Nd2 Qd6 19. Bf3 Qb8 20. Qd3 Qa8 21. Be2 e5
22. dxe5 Nxe5 23. Qf5 Ned7 24. Bf1 h6 25. Qf4 Rxe1 26. Rxe1 Re8 27. Rxe8+ Qxe8
28. Qc7 Qc8 29. Qxc8+ Bxc8 30. b4 Ba6 31. f3 Kf8 32. Kf2 Ke7 33. a4 Kd6 34. c5+ 1-0

[Event "FTX Crypto Cup Prelim"]
[Site "chess24.com INT"]
[Date "2021.05.25"]
[Round "12.5"]
[White "Radjabov, Teimour"]
[Black "Ding, Liren"]
[Result "1-0"]
[WhiteTitle "GM"]
[BlackTitle "GM"]
[WhiteElo "2765"]
[BlackElo "2799"]
[WhiteFideId "13400924"]
[BlackFideId "8603677"]
[EventDate "2021.05.23"]

1. d4 Nf6 2. c4 e6 3. Nf3 b6 4. g3 Ba6 5. b3 Bb4+ 6. Bd2 Be7 7. Bg2 O-O 8. O-O
d5 9. Bc3 c5 10. Ne5 Bb7 11. dxc5 bxc5 12. cxd5 exd5 13. Nd2 Nbd7 14. Rc1 Nxe5
15. Bxe5 Qb6 16. e3 Rac8 17. Re1 Rfd8 18. Qc2 Nd7 19. Bc3 Nf8 20. e4 d4 21. Nc4
Qa6 22. Ba5 Rd7 23. Bd2 Ne6 24. Qd3 Re8 25. f4 Bf8 26. Bf1 Rdd8 27. Na5 Qxd3 28.
Bxd3 Ba8 29. Bb5 d3 30. Bxe8 Rxe8 31. Rc3 Nd4 32. Rxd3 Bxe4 33. Rc3 f5 34. Kf2
Rd8 35. Nc4 g6 36. Rd1 Nc2 37. Ne5 Nb4 38. Rc4 Bg7 39. Ke2 Bc2 40. Rxc5 Bxe5 41.
fxe5 Bxd1+ 42. Kxd1 Kf7 43. Ke2 Nd5 44. Bg5 Rd7 45. Rc6 Nc7 46. Rd6 Ke8 47. Kd3
Rxd6+ 48. exd6 Nb5 49. Bf4 Kd7 50. Kc4 Nxd6+ 51. Bxd6 Kxd6 52. Kd4 Kc6 53. Ke5
a5 54. a3 Kc5 55. h4 Kc6 56. Kf6 Kd5 57. Kg7 Ke4 58. Kxh7 1-0

[Event "FTX Crypto Cup Prelim"]
[Site "chess24.com INT"]
[Date "2021.05.25"]
[Round "12.6"]
[White "Mamedyarov, Shakhriyar"]
[Black "Giri, Anish"]
[Result "1/2-1/2"]
[WhiteTitle "GM"]
[BlackTitle "GM"]
[WhiteElo "2770"]
[BlackElo "2780"]
[WhiteFideId "13401319"]
[BlackFideId "24116068"]
[EventDate "2021.05.23"]

1. e4 c5 2. c3 Nf6 3. e5 Nd5 4. Bc4 Nb6 5. Bb3 d6 6. exd6 Qxd6 7. Nf3 c4 8. Bc2
Qe6+ 9. Kf1 g6 10. b3 Bg7 11. Na3 cxb3 12. axb3 O-O 13. d4 Nc6 14. h4 h5 15. Bg5
Qd7 16. Qe1 Nd5 17. Rd1 b5 18. c4 bxc4 19. bxc4 Ba6 20. Kg1 Nf6 21. d5 Qd6 22.
dxc6 Qxa3 23. Ra1 Qb2 24. Bxg6 Bxc4 25. Rb1 Qa2 26. Bxf6 exf6 27. Ra1 Qb2 28.
Bf5 Rfe8 29. Qc1 Qxc1+ 30. Rxc1 Be6 31. Nd4 Bh6 32. Rc2 Bf4 33. g3 Be5 34. Nxe6
fxe6 35. Bg6 Re7 36. Kg2 a5 37. Bxh5 a4 38. f4 Bc7 39. Be2 e5 40. f5 e4 41. Bc4+
Kg7 42. Rd1 Kf8 43. Rd7 a3 44. g4 Rxd7 45. cxd7 Ke7 46. Be6 a2 47. Bxa2 Kxd7 48.
g5 fxg5 49. hxg5 Bf4 50. g6 Be5 51. Bd5 Rh8 52. Kg1 e3 53. Re2 Rh5 54. Be6+ Ke7
55. Rg2 Bg7 56. Ra2 Bd4 57. Kg2 Kf6 58. Kf3 Rh3+ 59. Ke4 Rh4+ 60. Kd3 Bc5 61.
Rg2 Rd4+ 62. Kc3 Rd2 63. Rxd2 exd2 64. Kxd2 Bf8 65. Kd3 Kg7 66. Kc2 Be7 67. Kd3
Bf6 68. Kc2 Be7 69. Kd3 Bf6 70. Kc2 Be7 1/2-1/2

[Event "FTX Crypto Cup Prelim"]
[Site "chess24.com INT"]
[Date "2021.05.25"]
[Round "12.7"]
[White "Nepomniachtchi, Ian"]
[Black "Pichot, Alan"]
[Result "1-0"]
[WhiteTitle "GM"]
[BlackTitle "GM"]
[WhiteElo "2792"]
[BlackElo "2630"]
[WhiteFideId "4168119"]
[BlackFideId "110973"]
[EventDate "2021.05.23"]

1. e4 c5 2. Nf3 d6 3. Bb5+ Nd7 4. a4 Nf6 5. Nc3 g6 6. a5 Bg7 7. O-O a6 8. Be2
O-O 9. d3 b5 10. axb6 Nxb6 11. Qd2 a5 12. Qg5 Nfd7 13. Qh4 Nb8 14. Bh6 Nc6 15.
Nd5 f6 16. c3 Be6 17. Ne3 Bf7 18. Bxg7 Kxg7 19. Nd2 Rb8 20. f4 Nd7 21. Ndc4 Nb6
22. Nd2 Nd7 23. Rfb1 Rb7 24. Bd1 Qb8 25. Ba4 Rc8 26. Ndc4 Nd8 27. Nd5 Nf8 28.
Re1 Be6 29. b3 Qa7 30. Re3 Nf7 31. Rae1 Rcb8 32. Kh1 Rxb3 33. Bxb3 Rxb3 34. Qf2
a4 35. Qa2 Nh6 36. R3e2 Bxd5 37. exd5 Ng8 38. Rc2 Qa8 39. Ne3 f5 40. Rb1 Rxb1+
41. Qxb1 Nf6 42. c4 Qa5 43. Kg1 N8d7 44. Kf2 Qb4 45. Qa1 h5 46. Ke2 Qa5 47. Rb2
h4 48. Rb5 Qa8 49. Qe1 a3 50. Ra5 Qb8 51. Qa1 Qh8 52. Rxa3 Qh5+ 53. Kd2 h3 54.
g3 Qf3 55. Qf1 Qxf1 56. Nxf1 Kf7 57. Ne3 Nf8 58. Ke2 e6 59. Ra7+ Ke8 60. Kf3 e5
61. g4 1-0

[Event "FTX Crypto Cup Prelim"]
[Site "chess24.com INT"]
[Date "2021.05.25"]
[Round "12.8"]
[White "So, Wesley"]
[Black "Vachier-Lagrave, Maxime"]
[Result "1/2-1/2"]
[WhiteTitle "GM"]
[BlackTitle "GM"]
[WhiteElo "2770"]
[BlackElo "2760"]
[WhiteFideId "5202213"]
[BlackFideId "623539"]
[EventDate "2021.05.23"]

1. d4 Nf6 2. c4 g6 3. Nc3 d5 4. cxd5 Nxd5 5. e4 Nxc3 6. bxc3 Bg7 7. Nf3 c5 8.
Rb1 O-O 9. Be2 cxd4 10. cxd4 Qa5+ 11. Bd2 Qxa2 12. O-O Bg4 13. Rxb7 Bxf3 14.
Bxf3 Bxd4 15. e5 Na6 16. Rxe7 Rad8 17. e6 fxe6 18. Qe1 Bf6 19. Rxa7 Rxd2 20.
Rxa6 Qxa6 21. Qxd2 Qb6 22. g3 Bd4 23. Qe2 Rf6 24. Kg2 Qb2 25. Qxb2 Bxb2 26. Rb1
Bd4 27. Rb8+ Rf8 28. Rxf8+ Kxf8 29. Kf1 Kg7 30. Kg2 Kf8 31. Kf1 Kg7 32. Kg2 Kf8 1/2-1/2

[Event "FTX Crypto Cup Prelim"]
[Site "chess24.com INT"]
[Date "2021.05.25"]
[Round "13.1"]
[White "Vachier-Lagrave, Maxime"]
[Black "Aronian, Levon"]
[Result "1/2-1/2"]
[WhiteTitle "GM"]
[BlackTitle "GM"]
[WhiteElo "2760"]
[BlackElo "2781"]
[WhiteFideId "623539"]
[BlackFideId "13300474"]
[EventDate "2021.05.23"]

1. e4 e5 2. Nf3 Nc6 3. Bb5 a6 4. Ba4 Nf6 5. O-O Bc5 6. c3 b5 7. Bc2 d5 8. d4
dxe4 9. Nxe5 Nxe5 10. dxc5 Qe7 11. Nd2 Bb7 12. Qe2 Ng6 13. Nb3 O-O 14. a4 Rab8
15. axb5 axb5 16. Nd4 Bd5 17. Nxb5 Qxc5 18. Na3 Qc6 19. c4 Be6 20. b3 Nh4 21.
Qe3 Bg4 22. Bd1 Qe6 23. h3 Bf3 24. Bxf3 Nxf3+ 25. gxf3 Rxb3 26. Qxb3 Qxh3 27.
Nc2 exf3 28. Ne1 Qg4+ 29. Kh1 Qh3+ 30. Kg1 Qg4+ 31. Kh1 Qh3+ 32. Kg1 1/2-1/2

[Event "FTX Crypto Cup Prelim"]
[Site "chess24.com INT"]
[Date "2021.05.25"]
[Round "13.2"]
[White "Pichot, Alan"]
[Black "So, Wesley"]
[Result "0-1"]
[WhiteTitle "GM"]
[BlackTitle "GM"]
[WhiteElo "2630"]
[BlackElo "2770"]
[WhiteFideId "110973"]
[BlackFideId "5202213"]
[EventDate "2021.05.23"]

1. e4 e6 2. d4 d5 3. Nc3 Bb4 4. e5 c5 5. a3 Bxc3+ 6. bxc3 Ne7 7. Qg4 Kf8 8. Nh3
Nbc6 9. Bd3 Qa5 10. Bd2 cxd4 11. cxd4 Qa4 12. O-O Qxd4 13. Nf4 h5 14. Qg3 h4 15.
Qh3 Nxe5 16. Be3 Qa4 17. Be2 N5c6 18. Bg4 Ne5 19. Rfe1 Kg8 20. Bd2 Nxg4 21. Qxg4
Qxc2 22. Qe2 Nc6 23. Nd3 h3 24. Rac1 Qa4 25. Ne5 hxg2 26. Rc3 Qh4 27. h3 Qh5 28.
Nxc6 bxc6 29. Qe3 Ba6 30. Kxg2 Bc4 31. Qg3 d4 32. Rxc4 Qd5+ 33. Kh2 Qxc4 0-1

[Event "FTX Crypto Cup Prelim"]
[Site "chess24.com INT"]
[Date "2021.05.25"]
[Round "13.5"]
[White "Grischuk, Alexander"]
[Black "Radjabov, Teimour"]
[Result "1/2-1/2"]
[WhiteTitle "GM"]
[BlackTitle "GM"]
[WhiteElo "2776"]
[BlackElo "2765"]
[WhiteFideId "4126025"]
[BlackFideId "13400924"]
[EventDate "2021.05.23"]

1. e4 c5 2. Nf3 Nc6 3. d4 cxd4 4. Nxd4 e5 5. Nb5 d6 6. N1c3 a6 7. Na3 Be7 8. Be3
Nf6 9. Nc4 b5 10. Nb6 Rb8 11. Nxc8 Qxc8 12. Be2 O-O 13. O-O b4 14. Nd5 Nxe4 15.
a4 bxa3 16. Rxa3 Nf6 17. Bxa6 Qd7 18. Bc4 Nxd5 19. Qxd5 Nb4 20. Qd1 d5 21. Ra7
Qc6 22. Rxe7 Qxc4 23. Rxe5 Nxc2 24. Qxd5 Qxd5 25. Rxd5 Nxe3 26. fxe3 Rxb2 27.
Rf2 Rb1+ 28. Rf1 Rb2 29. Rf2 Rb1+ 30. Rf1 Rb2 1/2-1/2

[Event "FTX Crypto Cup Prelim"]
[Site "chess24.com INT"]
[Date "2021.05.25"]
[Round "13.7"]
[White "Carlsen, Magnus"]
[Black "Svidler, Peter"]
[Result "1/2-1/2"]
[WhiteTitle "GM"]
[BlackTitle "GM"]
[WhiteElo "2847"]
[BlackElo "2714"]
[WhiteFideId "1503014"]
[BlackFideId "4102142"]
[EventDate "2021.05.23"]

1. e4 c5 2. Nf3 d6 3. Bb5+ Nd7 4. d4 cxd4 5. Qxd4 a6 6. Be2 Ngf6 7. O-O g6 8. e5
dxe5 9. Nxe5 Bg7 10. Bf4 O-O 11. Rd1 Qa5 12. Qc3 Qb6 13. Nc4 Qe6 14. Qe3 b5 15.
Na5 Nb6 16. Qxe6 Bxe6 17. Be5 Rac8 18. c3 Na4 19. b3 Nb6 20. Bf3 Nfd5 21. Bxg7
Kxg7 22. c4 bxc4 23. bxc4 Nxc4 24. Bxd5 Bxd5 25. Rxd5 Nxa5 26. Nd2 Nc6 27. Nb3
Rfd8 28. Rc5 Nb4 29. Kf1 Rxc5 30. Nxc5 Rc8 31. Rc1 Rc6 32. a4 e5 33. Ke2 f5 34.
Kd2 Kf7 35. Rc4 Nd5 36. Nd3 Rxc4 37. Nxe5+ Ke6 38. Nxc4 Nf6 39. Kc3 Kd5 40. Kb4
Ng4 41. Ne3+ Nxe3 42. fxe3 Ke4 43. Ka5 Kxe3 44. Kxa6 f4 45. a5 g5 46. Kb6 g4 47.
a6 f3 48. gxf3 gxf3 49. a7 f2 50. a8=Q f1=Q 51. Qe8+ Kf2 52. Qf7+ Kg2 53. Qxh7
Qg1+ 54. Kc6 Qxh2 55. Qxh2+ Kxh2 1/2-1/2

[Event "FTX Crypto Cup Prelim"]
[Site "chess24.com INT"]
[Date "2021.05.25"]
[Round "14.3"]
[White "Caruana, Fabiano"]
[Black "Carlsen, Magnus"]
[Result "1/2-1/2"]
[WhiteTitle "GM"]
[BlackTitle "GM"]
[WhiteElo "2820"]
[BlackElo "2847"]
[WhiteFideId "2020009"]
[BlackFideId "1503014"]
[EventDate "2021.05.23"]

1. e4 e5 2. Nf3 Nc6 3. Bb5 Nf6 4. O-O Nxe4 5. Re1 Nd6 6. Nxe5 Be7 7. Bf1 Nxe5 8.
Rxe5 O-O 9. d4 Bf6 10. Re1 Nf5 11. c3 d5 12. Nd2 Re8 13. Nf3 Rxe1 14. Qxe1 Nd6
15. Bd3 Bf5 16. Bxf5 Nxf5 17. Bf4 Qd7 18. Ne5 Bxe5 19. Qxe5 c6 20. Re1 f6 21.
Qe2 g5 22. Bg3 Ng7 23. Qf3 Qf5 24. Qxf5 Nxf5 25. f3 Kf7 26. Kf2 h5 27. h3 Re8
28. Rxe8 Kxe8 29. Bb8 a6 30. g4 Ng7 31. f4 hxg4 32. hxg4 gxf4 33. Bxf4 Kf7 34.
Kf3 Kg6 35. Be3 Ne6 36. Bf4 b5 37. Be3 a5 38. Bf4 a4 39. Be3 Nc7 40. b3 axb3 41.
axb3 Ne6 42. Ke2 Ng5 43. Bxg5 Kxg5 44. Kf3 b4 45. cxb4 f5 46. gxf5 Kxf5 47. b5
cxb5 48. b4 Kg5 49. Kg3 Kf5 50. Kf3 Kg5 51. Kg3 Kf5 52. Kf3 1/2-1/2

[Event "FTX Crypto Cup Prelim"]
[Site "chess24.com INT"]
[Date "2021.05.25"]
[Round "14.5"]
[White "Mamedyarov, Shakhriyar"]
[Black "Grischuk, Alexander"]
[Result "1/2-1/2"]
[WhiteTitle "GM"]
[BlackTitle "GM"]
[WhiteElo "2770"]
[BlackElo "2776"]
[WhiteFideId "13401319"]
[BlackFideId "4126025"]
[EventDate "2021.05.23"]

1. e4 e6 2. d4 d5 3. exd5 exd5 4. Bd3 Bd6 5. Nf3 Nf6 6. O-O O-O 7. Re1 Bg4 8.
Bg5 Nbd7 9. Nbd2 c6 10. c3 Qc7 11. h3 Bh5 12. Qc2 Rfe8 13. a4 a5 14. Bf5 Bg6 15.
Qd3 Bf4 16. Bxg6 hxg6 17. Bxf4 Qxf4 18. Rxe8+ Rxe8 19. Re1 Rxe1+ 20. Nxe1 Ne4
21. Nef3 Nxd2 22. Nxd2 Nf8 23. g3 Qd6 24. Kg2 Ne6 25. h4 g5 26. h5 Qf4 27. Qe2
Qf5 28. Nf1 g4 29. Nh2 Qxh5 30. Qxg4 Qxg4 31. Nxg4 Kf8 32. Kf3 Ke7 33. Ne5 Ng5+
34. Ke3 Ne4 35. g4 g5 36. f3 Nd6 37. b3 f6 38. Nd3 b6 39. Ke2 Ke6 40. Ke3 Ke7
41. Ke2 Ke6 42. Ke3 Ke7 1/2-1/2

[Event "FTX Crypto Cup Prelim"]
[Site "chess24.com INT"]
[Date "2021.05.25"]
[Round "14.6"]
[White "Nepomniachtchi, Ian"]
[Black "Ding, Liren"]
[Result "1-0"]
[WhiteTitle "GM"]
[BlackTitle "GM"]
[WhiteElo "2792"]
[BlackElo "2799"]
[WhiteFideId "4168119"]
[BlackFideId "8603677"]
[EventDate "2021.05.23"]

1. e4 c6 2. d4 d5 3. Nc3 dxe4 4. Nxe4 Bf5 5. Ng3 Bg6 6. h4 h6 7. Nf3 Nd7 8. Bd3
Bxd3 9. Qxd3 e6 10. Bf4 Ngf6 11. O-O-O Be7 12. Qe2 O-O 13. Kb1 a5 14. Ne4 Nxe4
15. Qxe4 Nf6 16. Qe2 a4 17. g4 Nd5 18. Bd2 Qb6 19. c4 Ba3 20. Be1 Nf4 21. Qc2
Rfd8 22. h5 c5 23. Bc3 cxd4 24. Rxd4 Rxd4 25. Nxd4 Bb4 26. Bxb4 Qxb4 27. a3 Qc5
28. Qe4 Rd8 29. Nf3 Qd6 30. Ka1 b6 31. g5 hxg5 32. Nxg5 f5 33. Qb7 Rd7 34. Qa8+
Rd8 35. Qxa4 Qe7 36. Nf3 Qb7 37. Rd1 Rxd1+ 38. Qxd1 Kh7 39. Qb3 Kh6 40. c5 Nd5
41. Ne5 Qc7 42. Qg3 Kxh5 43. Qh2+ Kg5 44. Nf3+ Kf6 45. Qxc7 Nxc7 46. cxb6 Na6
47. b4 Ke7 48. Kb2 Kd6 49. Kc3 Kc6 50. Nd4+ Kxb6 51. Nxe6 g6 52. a4 1-0

[Event "FTX Crypto Cup Prelim"]
[Site "chess24.com INT"]
[Date "2021.05.25"]
[Round "14.8"]
[White "Vachier-Lagrave, Maxime"]
[Black "Pichot, Alan"]
[Result "1-0"]
[WhiteTitle "GM"]
[BlackTitle "GM"]
[WhiteElo "2760"]
[BlackElo "2630"]
[WhiteFideId "623539"]
[BlackFideId "110973"]
[EventDate "2021.05.23"]

1. e4 c5 2. Nf3 d6 3. Bb5+ Nd7 4. d4 cxd4 5. Nxd4 Nf6 6. O-O g6 7. Re1 Bg7 8.
Bf1 Nc5 9. Nc3 O-O 10. Nb3 Nxb3 11. axb3 Bg4 12. f3 Be6 13. Nd5 Nxd5 14. exd5
Bf5 15. c3 e5 16. dxe6 Bxe6 17. b4 a5 18. b5 d5 19. Be3 Qd6 20. Bd4 Rfc8 21.
Bxg7 Kxg7 22. Qd4+ Kg8 23. Ra4 b6 24. Qf6 Qc5+ 25. Rd4 a4 26. h4 a3 27. bxa3
Rxa3 28. h5 gxh5 29. Kh1 Rxc3 30. Rxe6 fxe6 31. Qxe6+ Kh8 32. Qe5+ Kg8 33. Rxd5
Qc7 34. Qe6+ Kh8 35. Rd7 Qf4 36. Qe7 Qh6 37. Qe5+ Kg8 38. Bd3 Rxd3 39. Rxd3 Rf8
40. Rd6 Qc1+ 41. Kh2 Qf4+ 42. Qxf4 Rxf4 43. Rxb6 Kg7 44. Rb8 Rb4 45. b6 h4 46.
b7 h5 47. f4 1-0

[Event "FTX Crypto Cup Prelim"]
[Site "chess24.com INT"]
[Date "2021.05.25"]
[Round "15.1"]
[White "Pichot, Alan"]
[Black "Aronian, Levon"]
[Result "0-1"]
[WhiteTitle "GM"]
[BlackTitle "GM"]
[WhiteElo "2630"]
[BlackElo "2781"]
[WhiteFideId "110973"]
[BlackFideId "13300474"]
[EventDate "2021.05.23"]

1. e4 c5 2. Nf3 e6 3. d4 cxd4 4. Nxd4 Nf6 5. Nc3 Nc6 6. Nxc6 bxc6 7. e5 Nd5 8.
Ne4 Qc7 9. f4 Bb7 10. c4 Bb4+ 11. Ke2 O-O 12. cxd5 cxd5 13. Ng5 f6 14. Nf3 fxe5
15. fxe5 Rf5 16. Be3 d4 17. Bxd4 Raf8 18. Qb3 Rxf3 19. gxf3 Bxf3+ 20. Kd3 Qb7
21. Kc2 Bxh1 22. a3 Qe4+ 23. Bd3 Rc8+ 24. Kb1 Qxd4 25. axb4 Qxe5 0-1

[Event "FTX Crypto Cup Prelim"]
[Site "chess24.com INT"]
[Date "2021.05.25"]
[Round "15.4"]
[White "Grischuk, Alexander"]
[Black "Nepomniachtchi, Ian"]
[Result "0-1"]
[WhiteTitle "GM"]
[BlackTitle "GM"]
[WhiteElo "2776"]
[BlackElo "2792"]
[WhiteFideId "4126025"]
[BlackFideId "4168119"]
[EventDate "2021.05.23"]

1. d4 Nf6 2. c4 g6 3. Nc3 d5 4. cxd5 Nxd5 5. e4 Nxc3 6. bxc3 Bg7 7. Nf3 c5 8.
Be3 Qa5 9. Nd2 O-O 10. Nb3 Qc7 11. Nxc5 Nd7 12. Na4 a6 13. Rc1 b5 14. Nb2 Bb7
15. f3 Qa5 16. Qb3 e5 17. d5 Rfc8 18. Be2 Bf8 19. O-O Nc5 20. Bxc5 Rxc5 21. Nd3
Rc7 22. Nxe5 Rac8 23. c4 Qd2 24. Qd3 Qf4 25. d6 Rc5 26. d7 Rd8 27. Ng4 Rc7 28.
Qc3 Bg7 29. e5 Rcxd7 30. cxb5 axb5 31. Bxb5 Rd2 32. a4 h5 33. Nf6+ Bxf6 34. exf6
Qg5 35. Rf2 Rxf2 36. Kxf2 Rd2+ 37. Be2 Rxe2+ 38. Kxe2 Qxg2+ 39. Kd3 Qxf3+ 40.
Kc4 Qe2+ 41. Kb4 Qxh2 42. Qd4 Qb8 43. Ka3 Qg3+ 44. Rc3 Qe1 45. Re3 Qc1+ 46. Kb4
Bc6 47. Rc3 Qb2+ 48. Ka5 Kh7 49. Qc4 Bd5 50. Qc5 Be6 51. Ka6 Qe2+ 52. Ka7 h4 53.
Qd4 g5 54. a5 h3 55. Re3 Qg4 56. Qd3+ Kh6 57. Re1 Qf5 58. Qd2 Qc5+ 59. Kb8 Qc8+
60. Ka7 Qc7+ 61. Ka8 Bd7 62. Rc1 Bc6+ 63. Rxc6 Qxc6+ 64. Kb8 Qg2 0-1

[Event "FTX Crypto Cup Prelim"]
[Site "chess24.com INT"]
[Date "2021.05.25"]
[Round "15.6"]
[White "Carlsen, Magnus"]
[Black "Radjabov, Teimour"]
[Result "1-0"]
[WhiteTitle "GM"]
[BlackTitle "GM"]
[WhiteElo "2847"]
[BlackElo "2765"]
[WhiteFideId "1503014"]
[BlackFideId "13400924"]
[EventDate "2021.05.23"]

1. e4 c5 2. Nf3 Nc6 3. Nc3 e5 4. Bc4 Be7 5. d3 Nf6 6. O-O O-O 7. Nd5 d6 8. c3
Rb8 9. a4 Nxd5 10. Bxd5 Bf6 11. Re1 Re8 12. Bd2 Ne7 13. Bc4 Ng6 14. b4 b6 15. b5
Be6 16. Bxe6 Rxe6 17. c4 Nf4 18. Qb3 g5 19. Be3 g4 20. Nd2 h5 21. Nf1 h4 22. Qd1
Bg7 23. Bc1 Rg6 24. Ne3 Qd7 25. Nf5 Bf6 26. a5 Kh7 27. axb6 axb6 28. Be3 d5 29.
Bxf4 exf4 30. cxd5 Bxa1 31. Qxa1 Re8 32. Nxh4 Rg5 33. g3 f3 34. h3 Rh5 35. Nf5
Rxf5 36. exf5 Rxe1+ 37. Qxe1 Qxd5 38. Qe7 Qxf5 39. hxg4 Qd5 40. Qf6 Kg8 41. Qf5
Qb3 42. Qxf3 Qxb5 43. Qd5 Qe8 44. g5 Qe6 45. Qxe6 fxe6 46. f4 Kf7 47. Kf2 b5 48.
Ke3 Kg6 49. g4 b4 50. Kd2 e5 51. fxe5 Kxg5 52. Kc2 1-0